000 00766nam a22002297a 4500
005 20170124110254.0
010 _aA-704174
020 _c00.00
_a8122405460
035 _aA-704174
037 _bCen Lib/Ret
040 _aDPL
_bEN
082 _a621.3121
_bSUR
100 _aSuryanarayana, N.V.
_9101440
245 _aUtilisation of electric power :
_bincluding electric drives and electric traction /
_cby N.V.Suryanarayana
260 _aNew Delhi
_bNew Age International Limited
_c1994
270 _bNew Delhi
_a4835/24, Ansari Road, Daryaganj
_e110002
300 _axiv,340p. :
_c20cm(Hb)
_bill.
500 _aIncludes index
650 _aElectric heating
_9101441
650 _aElectric power
_9101442
942 _2ddc
_cEN
_h621.3121
_mSUR
999 _c136071
_d136071